| 000 | 00488nam a2200181Ia 4500 | ||
|---|---|---|---|
| 008 | 240925s9999 xx 000 0 und d | ||
| 020 | _a10:007061668x | ||
| 082 | _a621.3815 HAY | ||
| 100 | _aHayes, Monson H. | ||
| 245 | 0 | _aSchaums Outlines Digital Signal Processing | |
| 250 | _aNA | ||
| 260 |
_aNew Delhi: _bTata McGraw Hill _c,2007. |
||
| 300 |
_axvi,527p. _bNA _fOriginal |
||
| 500 | _aIncludes Index | ||
| 600 | _aElectronic Engineering | ||
| 650 | _aTechnology | ||
| 942 | _cBK | ||
| 999 |
_c10200 _d10200 |
||